000 00482nam a22001457a 4500
999 _c126574
_d126574
005 20220509084341.0
008 220509b ||||| |||| 00| 0 eng d
040 _cPK-LaUMT
082 _a220
_bNEW-
245 _aThe new English Bible readings for Holy Communion :
_bthe collects, Old Testament lessons, epistles, and gospels, authorized for use at Holy Communion /
260 _aCambridge :
_bOxford University Press,
_c1970
300 _a269 p.
650 _aBible
942 _cBK